[Event "HUN-chT2 Barcza 0304"]
[Site "Hungary"]
[Date "2003.11.30"]
[Round "4"]
[White "Miko, Sandor"]
[Black "Vajda, Andras"]
[Result "0-1"]
[WhiteElo "2179"]
[BlackElo "2056"]
[PlyCount "89"]
[EventDate "2003.08.29"]
[EventType "team"]
[EventRounds "11"]
[EventCountry "HUN"]
[SourceTitle "EXT 2009"]
[Source "ChessBase"]
[SourceDate "2008.11.26"]
[SourceVersion "1"]
[SourceVersionDate "2008.11.26"]
[SourceQuality "1"]
[WhiteTeam "Hajduszoboszlo"]
[BlackTeam "Tiszaujvaros"]
[WhiteTeamCountry "HUN"]
[BlackTeamCountry "HUN"]

1. Nf3 e6 2. g3 d5 3. Bg2 Nf6 4. d3 Be7 5. Nbd2 c6 6. 0-0 0-0 7. e4 dxe4 8. dxe4 Qc7 9. c3 Nbd7 10. Qc2 b6 11. Re1 Ng4 12. h3 Nge5 13. Nxe5 Nxe5 14. f4 Ng6 15. Nf3 Ba6 16. Be3 Rad8 17. Rad1 Rxd1 18. Rxd1 Rd8 19. e5 c5 20. Rxd8+ Qxd8 21. Qa4 Qd3 22. Qe8+ Bf8 23. Bf2 Bb5 24. Qb8 Qb1+ 25. Ne1 Qxa2 26. Be4 Qa4 27. Bc2 Qa1 28. h4 Be2 29. f5 exf5 30. Bxf5 Qa2 31. Qe8 Qd5 32. Bxg6 hxg6 33. Qb8 Qd7 34. Kh2 Bf1 35. Kg1 Bc4 36. e6 Qxe6 37. Ng2 Qe4 38. Ne3 Qb1+ 39. Kg2 Bd3 40. Kf3 Qh1+ 41. Kg4 Be2+ 42. Kg5 f6+ 43. Kxg6 Qf3 44. g4 Qe4+ 45. Kh5 0-1

[Event "Nyiregyhaza op"]
[Site "Nyiregyhaza"]
[Date "2003.07.13"]
[Round "9"]
[White "Miko, Sandor"]
[Black "Horvath, Viktoria"]
[Result "1-0"]
[WhiteElo "2179"]
[BlackElo "2111"]
[PlyCount "53"]
[EventDate "2003.07.05"]
[EventType "swiss"]
[EventRounds "9"]
[EventCountry "HUN"]
[SourceTitle "EXT 2005"]
[Source "ChessBase"]
[SourceDate "2004.11.15"]
[SourceVersion "1"]
[SourceVersionDate "2004.11.15"]
[SourceQuality "1"]

1. Nf3 Nf6 2. g3 b6 3. Bg2 Bb7 4. c4 c5 5. Nc3 d6 6. 0-0 Nbd7 7. e3 e6 8. d4 a6 9. b3 Be7 10. Bb2 Qc7 11. d5 exd5 12. cxd5 b5 13. Nh4 b4 14. Ne2 g6 15. e4 0-0 16. e5 Ne8 17. f4 dxe5 18. Nf3 exf4 19. Nxf4 Bd6 20. Ng5 Ng7 21. Bxg7 Bxf4 22. Rxf4 Kxg7 23. Rxf7+ Kg8 24. Rg7+ Kh8 25. Rxh7+ Kg8 26. Rg7+ Kh8 27. Ne6 1-0

[Event "Nyiregyhaza op"]
[Site "Nyiregyhaza"]
[Date "2003.07.10"]
[Round "6"]
[White "Korpas, Zoltan"]
[Black "Miko, Sandor"]
[Result "1-0"]
[WhiteElo "2110"]
[BlackElo "2179"]
[PlyCount "79"]
[EventDate "2003.07.05"]
[EventType "swiss"]
[EventRounds "9"]
[EventCountry "HUN"]
[SourceTitle "EXT 2005"]
[Source "ChessBase"]
[SourceDate "2004.11.15"]
[SourceVersion "1"]
[SourceVersionDate "2004.11.15"]
[SourceQuality "1"]

1. Nf3 Nf6 2. g3 g6 3. Bg2 Bg7 4. 0-0 c5 5. d3 Nc6 6. c3 d5 7. Qc2 0-0 8. e4 d4 9. c4 e5 10. Bd2 a5 11. Na3 Ne8 12. Ne1 f5 13. f4 Nf6 14. Nb5 fxe4 15. dxe4 Ng4 16. Qd3 Nb4 17. Bxb4 axb4 18. Nc2 exf4 19. gxf4 Qh4 20. h3 Nf6 21. Nc7 Rb8 22. f5 gxf5 23. exf5 Nh5 24. Nd5 Ng3 25. f6 Bh6 26. Rf3 Nh5 27. Raf1 Be6 28. Ne7+ Kh8 29. Nf5 Bxf5 30. Rxf5 Ng3 31. f7 Nxf1 32. Kxf1 Rbd8 33. Bd5 Rd6 34. Qf3 Be3 35. Nxe3 dxe3 36. Qxe3 Qd4 37. Qxd4+ cxd4 38. Ke2 Rh6 39. Kd3 Rxh3+ 40. Kxd4 1-0

[Event "HUN-chT2 Barcza 0203"]
[Site "Hungary"]
[Date "2003.03.23"]
[Round "9"]
[White "Miko, Sandor"]
[Black "Fodor, Istvan"]
[Result "1-0"]
[WhiteElo "2185"]
[BlackElo "2137"]
[PlyCount "119"]
[EventDate "2002.09.22"]
[EventType "team"]
[EventRounds "11"]
[EventCountry "HUN"]
[SourceTitle "EXT 2009"]
[Source "ChessBase"]
[SourceDate "2008.11.26"]
[SourceVersion "1"]
[SourceVersionDate "2008.11.26"]
[SourceQuality "1"]

1. Nf3 Nf6 2. g3 d5 3. Bg2 e6 4. d3 c5 5. Nbd2 Nc6 6. 0-0 Be7 7. e4 0-0 8. c3 Qc7 9. Re1 dxe4 10. dxe4 e5 11. Qc2 Rd8 12. Nc4 Be6 13. Ne3 b5 14. b3 h6 15. Bb2 c4 16. b4 Rd3 17. a4 bxa4 18. Bf1 Rad8 19. Bxd3 cxd3 20. Qxa4 Nxe4 21. b5 Nc5 22. Qd1 Bb3 23. Qc1 d2 24. Nxd2 Nd3 25. Qb1 Nxe1 26. Nxb3 Nf3+ 27. Kg2 Ng5 28. c4 Nb4 29. Na5 Bc5 30. Bc3 Bxe3 31. Bxb4 Bd4 32. Ra3 Qd7 33. Qf1 e4 34. Kh1 Nf3 35. Nc6 Re8 36. Ra2 Qg4 37. h3 Qd7 38. Kg2 Ng5 39. Kh2 Nf3+ 40. Kg2 Ng5 41. Kh2 Qe6 42. Nxd4 Qf6 43. Bc5 e3 44. Re2 Re4 45. f4 Ne6 46. Nxe6 Qxe6 47. Qf3 Qxc4 48. Bxa7 Qxb5 49. Bxe3 Qd3 50. Kg2 f5 51. Kf2 Qb1 52. Re1 Qc2+ 53. Qe2 Qb3 54. g4 Ra4 55. Rd1 fxg4 56. hxg4 Ra2 57. Rd2 Ra1 58. Bd4 Rh1 59. Qe8+ Kh7 60. Qe4+ 1-0

[Event "HUN-chT2 Barcza 0203"]
[Site "Hungary"]
[Date "2003.02.02"]
[Round "6"]
[White "Miko, Sandor"]
[Black "Berki, Jozsef"]
[Result "1-0"]
[WhiteElo "2185"]
[BlackElo "2094"]
[PlyCount "111"]
[EventDate "2002.09.22"]
[EventType "team"]
[EventRounds "11"]
[EventCountry "HUN"]
[SourceTitle "EXT 2009"]
[Source "ChessBase"]
[SourceDate "2008.11.26"]
[SourceVersion "1"]
[SourceVersionDate "2008.11.26"]
[SourceQuality "1"]

1. Nf3 Nf6 2. g3 g6 3. Bg2 Bg7 4. d3 0-0 5. 0-0 d6 6. e4 c5 7. c3 Nc6 8. Nbd2 Rb8 9. Nh4 e5 10. a4 a6 11. Nc4 b5 12. axb5 axb5 13. Ne3 Be6 14. f4 Na5 15. f5 Bb3 16. Qe2 c4 17. fxg6 hxg6 18. d4 exd4 19. cxd4 Nc6 20. Qd2 Qb6 21. Nef5 Ng4 22. Nxg7 Nxd4 23. Kh1 Kxg7 24. h3 Ne5 25. Qg5 f6 26. Qh6+ Kf7 27. Qh7+ Ke6 28. Nxg6 Nxg6 29. Qxg6 Nc2 30. Bh6 Nxa1 31. Bxf8 Rxf8 32. Rxa1 Rf7 33. h4 Qd4 34. Qf5+ Ke7 35. Bh3 Ba4 36. Qe6+ Kf8 37. Qc8+ Kg7 38. Qe6 Kf8 39. Rf1 Qe5 40. Qc8+ Ke7 41. Qg4 Bc2 42. Re1 Qxb2 43. Qe6+ Kf8 44. Qxd6+ Kg7 45. Bf5 Qc3 46. Rf1 Qe5 47. Qc6 Rc7 48. Qa8 b4 49. Rf4 Bd1 50. Bg4 Bc2 51. Bf3 Kf7 52. Qh8 b3 53. Bh5+ Ke7 54. Qg7+ Kd8 55. Qf8+ Kd7 56. Bg4+ 1-0

[Event "HUN-chT2 Barcza 0203"]
[Site "Hungary"]
[Date "2003.01.19"]
[Round "5"]
[White "Virag, Attila Aba"]
[Black "Miko, Sandor"]
[Result "0-1"]
[WhiteElo "2121"]
[BlackElo "2185"]
[PlyCount "80"]
[EventDate "2002.09.22"]
[EventType "team"]
[EventRounds "11"]
[EventCountry "HUN"]
[SourceTitle "EXT 2009"]
[Source "ChessBase"]
[SourceDate "2008.11.26"]
[SourceVersion "1"]
[SourceVersionDate "2008.11.26"]
[SourceQuality "1"]

1. e4 Nf6 2. e5 Nd5 3. c4 Nb6 4. c5 Nd5 5. Nc3 e6 6. d4 d6 7. Nxd5 exd5 8. cxd6 cxd6 9. Nf3 Nc6 10. Bb5 Qa5+ 11. Bd2 Qxb5 12. a4 Qd3 13. Ra3 Qg6 14. Re3 dxe5 15. Nxe5 Nxe5 16. Rxe5+ Be6 17. 0-0 Bd6 18. Rg5 Qf6 19. Qb3 0-0 20. f4 h6 21. Rg3 b6 22. Be3 Rac8 23. Rgf3 Rc4 24. Qb5 Qf5 25. h3 Bd7 26. Qb3 Rfc8 27. a5 Rb4 28. Qa3 b5 29. Bd2 Rxd4 30. Qxd6 Rxd2 31. g4 Qc2 32. R3f2 Rxf2 33. Rxf2 Qc1+ 34. Kg2 Bc6 35. Kg3 Re8 36. Qc7 d4 37. Rh2 Qe1+ 38. Rf2 Re3+ 39. Kh4 Qxf2+ 40. Kh5 Rxh3# 0-1

[Event "Eger Agria op"]
[Site "Eger"]
[Date "1997.??.??"]
[Round "7"]
[White "Miko, Sandor"]
[Black "Boer, Levente"]
[Result "1-0"]
[WhiteElo "2230"]
[BlackElo "2070"]
[PlyCount "103"]
[EventDate "1997.07.??"]
[EventType "swiss"]
[EventRounds "9"]
[EventCountry "HUN"]
[SourceTitle "EXT 2001"]
[Source "ChessBase"]
[SourceDate "2000.11.22"]
[SourceVersion "1"]
[SourceVersionDate "2000.11.22"]
[SourceQuality "1"]

1. Nf3 c6 2. g3 d5 3. Bg2 Nf6 4. d3 g6 5. Nbd2 Bg7 6. 0-0 0-0 7. c3 c5 8. Qc2 b6 9. Re1 Bb7 10. e4 dxe4 11. dxe4 e6 12. e5 Nfd7 13. Nc4 Bd5 14. Ne3 Bb7 15. Ng4 Nc6 16. Bg5 Qc7 17. Qe2 h5 18. Nf6+ Nxf6 19. exf6 Bh8 20. Qc4 Nb8 21. Qh4 Nd7 22. Rad1 c4 23. g4 hxg4 24. Rxd7 Qxd7 25. Ne5 Qc7 26. Bxb7 Qxb7 27. Nxg4 Rfd8 28. Nh6+ Kf8 29. Nf5 Ke8 30. Qxh8+ Kd7 31. Rd1+ Qd5 32. Rxd5+ exd5 33. Qg7 gxf5 34. Qxf7+ Kc6 35. Qe6+ Rd6 36. Qe5 Rf8 37. b4 cxb3 38. axb3 Rf7 39. Qe8+ Rdd7 40. Qe6+ Kb5 41. c4+ Kb4 42. cxd5 Kxb3 43. Qc6 Rb7 44. d6 b5 45. Qd5+ Ka4 46. Qa2+ Kb4 47. Be3 Kc3 48. Qd2+ Kb3 49. Qd3+ Ka4 50. Qc2+ Kb4 51. Kf1 a5 52. Bd4 1-0

[Event "Eger Agria op"]
[Site "Eger"]
[Date "1997.??.??"]
[Round "9"]
[White "Miko, Sandor"]
[Black "Sipka, Zoltan"]
[Result "1-0"]
[WhiteElo "2230"]
[BlackElo "2040"]
[PlyCount "71"]
[EventDate "1997.07.??"]
[EventType "swiss"]
[EventRounds "9"]
[EventCountry "HUN"]
[SourceTitle "EXT 2001"]
[Source "ChessBase"]
[SourceDate "2000.11.22"]
[SourceVersion "1"]
[SourceVersionDate "2000.11.22"]
[SourceQuality "1"]

1. Nf3 d5 2. g3 g6 3. Bg2 Bg7 4. 0-0 Nf6 5. d3 0-0 6. Nbd2 b6 7. c3 Bb7 8. Qc2 c5 9. e4 dxe4 10. dxe4 Nbd7 11. Re1 e5 12. Nc4 Qc7 13. Bg5 b5 14. Bxf6 Bxf6 15. Ne3 Nb6 16. Ng4 Bg7 17. Rad1 Rad8 18. Ne3 Rxd1 19. Rxd1 Rd8 20. Ng5 Rxd1+ 21. Qxd1 Bh6 22. h4 Bxg5 23. hxg5 Qe7 24. Qg4 Qd7 25. Qe2 a6 26. Ng4 Qe7 27. Nf6+ Kg7 28. Qg4 h5 29. gxh6+ Kxf6 30. f4 Qf8 31. Qg5+ Ke6 32. Qxe5+ Kd7 33. Bh3+ Kc6 34. Qf6+ Kc7 35. h7 c4 36. h8Q 1-0

[Event "HUN-chT2 9596"]
[Site "Hungary"]
[Date "1996.??.??"]
[Round "10"]
[White "Miko, Sandor"]
[Black "Mincsovics, Miklos"]
[Result "1/2-1/2"]
[WhiteElo "2215"]
[BlackElo "2215"]
[PlyCount "110"]
[EventDate "1995.??.??"]
[EventType "team"]
[EventRounds "11"]
[EventCountry "HUN"]
[SourceTitle "EXT 2000"]
[Source "ChessBase"]
[SourceDate "1999.11.16"]
[SourceVersion "1"]
[SourceVersionDate "1999.11.16"]
[SourceQuality "1"]

1. Nf3 Nf6 2. g3 g6 3. Bg2 Bg7 4. d3 0-0 5. 0-0 d5 6. Nbd2 c5 7. e4 Nc6 8. c3 e5 9. Re1 Re8 10. Qc2 Rb8 11. a4 a6 12. exd5 Nxd5 13. Ne4 b6 14. Bg5 f6 15. Bd2 Be6 16. Rad1 Rc8 17. Bc1 h6 18. Nh4 g5 19. Nf3 f5 20. Ned2 b5 21. Nf1 Qc7 22. axb5 axb5 23. Ne3 Nde7 24. h4 g4 25. Nh2 Qd6 26. h5 Rf8 27. Qe2 Bb3 28. Rd2 Bf7 29. Nc2 Bxh5 30. d4 cxd4 31. Qxb5 Bf7 32. cxd4 exd4 33. b4 Nd5 34. Qd3 Bg6 35. b5 Ne5 36. Qb3 Rc3 37. Qxd5+ Qxd5 38. Bxd5+ Kh7 39. Nb4 f4 40. Bb2 fxg3 41. fxg3 Rxg3+ 42. Rg2 Rxg2+ 43. Kxg2 Rb8 44. Bxd4 Rxb5 45. Bc3 h5 46. Kg3 Nf7 47. Bxg7 Kxg7 48. Bxf7 Bxf7 49. Nc2 Rb3+ 50. Ne3 Kg6 51. Kh4 Rb2 52. Nhf1 Rf2 53. Ra1 Rf3 54. Ra6+ Rf6 55. Ra5 Rf3 1/2-1/2

[Event "Eger Agria op"]
[Site "Eger"]
[Date "1996.??.??"]
[Round "5"]
[White "Miko, Sandor"]
[Black "Seres, Lajos"]
[Result "0-1"]
[WhiteElo "2240"]
[BlackElo "2450"]
[PlyCount "112"]
[EventDate "1996.07.??"]
[EventType "swiss"]
[EventRounds "9"]
[EventCountry "HUN"]
[SourceTitle "EXT 2004"]
[Source "ChessBase"]
[SourceDate "2003.11.25"]
[SourceVersion "1"]
[SourceVersionDate "2003.11.25"]
[SourceQuality "1"]

1. Nf3 c5 2. g3 Nc6 3. Bg2 e5 4. d3 d5 5. Nbd2 Nf6 6. e4 Be7 7. 0-0 0-0 8. c3 d4 9. Nc4 Qc7 10. cxd4 cxd4 11. a4 Be6 12. b3 Nd7 13. Ng5 Bxg5 14. Bxg5 Nc5 15. f4 f6 16. Bh4 Nb4 17. f5 Bf7 18. g4 Nbxd3 19. Rf3 Nxb3 20. Qxb3 Bxc4 21. Qc2 Nb4 22. Qb2 Qd6 23. g5 fxg5 24. Bxg5 Rac8 25. f6 Ba6 26. Qf2 Rf7 27. Bh3 Rc2 28. Qh4 g6 29. Bh6 Be2 30. Rf2 d3 31. Be3 d2 32. Rxe2 d1Q+ 33. Rxd1 Qxd1+ 34. Re1 Qd6 35. Rf1 Re2 36. Bg5 Qd4+ 37. Kh1 Rxe4 38. Qg3 Qd6 39. Bg2 Rd4 40. Qb3 Nc6 41. Rc1 e4 42. a5 Qd5 43. Qxd5 Rxd5 44. h4 Rxa5 45. Bxe4 h6 46. Bxh6 Rxf6 47. Bg5 Re6 48. Bf3 Rae5 49. Kg2 a5 50. Rb1 b5 51. Bg4 Rd6 52. Bf4 Rd4 53. Bxe5 Rxg4+ 54. Kh3 Nxe5 55. Rxb5 Re4 56. Rxa5 Kh7 0-1

[Event "HUN-chT2 9596"]
[Site "Hungary"]
[Date "1996.??.??"]
[Round "8"]
[White "Miko, Sandor"]
[Black "Vamos, Viktor"]
[Result "1-0"]
[WhiteElo "2215"]
[BlackElo "2150"]
[PlyCount "185"]
[EventDate "1995.??.??"]
[EventType "team"]
[EventRounds "11"]
[EventCountry "HUN"]
[SourceTitle "EXT 2000"]
[Source "ChessBase"]
[SourceDate "1999.11.16"]
[SourceVersion "1"]
[SourceVersionDate "1999.11.16"]
[SourceQuality "1"]

1. Nf3 Nf6 2. g3 d5 3. Bg2 Bg4 4. h3 Bh5 5. d3 c6 6. Nbd2 Nbd7 7. 0-0 e5 8. e4 Bxf3 9. Bxf3 d4 10. a4 h5 11. a5 g6 12. Nc4 b5 13. axb6 axb6 14. Bg5 Be7 15. Rxa8 Qxa8 16. c3 b5 17. Nd2 c5 18. Qb3 Qc6 19. Bg2 Ng8 20. Bxe7 Nxe7 21. f4 0-0 22. cxd4 cxd4 23. Nf3 Qe6 24. Qxe6 fxe6 25. fxe5 Nc6 26. Ng5 Rxf1+ 27. Kxf1 Ndxe5 28. Ke2 Nd8 29. Kd2 Ndf7 30. Nf3 Nc6 31. h4 Kf8 32. Bh3 Ke7 33. Kc2 Nfe5 34. Ng5 Nb4+ 35. Kd2 Nbxd3 36. Bf1 Nxb2 37. Bxb5 Nbc4+ 38. Bxc4 Nxc4+ 39. Kd3 Ne3 40. Kxd4 Nf1 41. Kd3 Nxg3 42. Ke3 Nf1+ 43. Kf4 Nh2 44. e5 Ng4 45. Ne4 Ke8 46. Nc5 Kf7 47. Ne4 Ke7 48. Nc5 Kf7 49. Ne4 Nh6 50. Nc5 Nf5 51. Kg5 Nd4 52. Kf4 Nc6 53. Nd3 Kf8 54. Nc5 Nd8 55. Kg5 Kg7 56. Kf4 Kh6 57. Nd7 Nf7 58. Nf6 Kg7 59. Ne8+ Kf8 60. Nf6 Ke7 61. Ne4 Kd7 62. Nc5+ Ke7 63. Ne4 Ke8 64. Nc5 Nd8 65. Kg5 Kf7 66. Ne4 Nb7 67. Kh6 Na5 68. Ng5+ Ke7 69. Kxg6 Nc4 70. Nf3 Ne3 71. Kxh5 Kf7 72. Ng5+ Ke7 73. Kg6 Ng4 74. Nf3 Kf8 75. Kg5 Ne3 76. Kf6 Nd5+ 77. Kxe6 Nc7+ 78. Kd6 Ne8+ 79. Kd7 Ng7 80. e6 Nf5 81. Ne5 Ne7 82. Nc6 Nd5 83. e7+ Kg7 84. Ke6 Nf6 85. Nd4 Ne8 86. Nf5+ Kg6 87. Nd6 Nf6 88. Nf5 Ne8 89. Ng3 Ng7+ 90. Kd7 Kf7 91. h5 Ne8 92. Ne4 Ng7 93. h6 1-0

[Event "Eger Agria op"]
[Site "Eger"]
[Date "1996.??.??"]
[Round "4"]
[White "Miko, Sandor"]
[Black "Zombori, Janos"]
[Result "1-0"]
[WhiteElo "2240"]
[BlackElo "2150"]
[PlyCount "92"]
[EventDate "1996.07.??"]
[EventType "swiss"]
[EventRounds "9"]
[EventCountry "HUN"]
[SourceTitle "EXT 2004"]
[Source "ChessBase"]
[SourceDate "2003.11.25"]
[SourceVersion "1"]
[SourceVersionDate "2003.11.25"]
[SourceQuality "1"]

1. Nf3 g6 2. g3 Bg7 3. Bg2 d5 4. d3 c6 5. 0-0 Bg4 6. h3 Bxf3 7. Bxf3 Nf6 8. Nd2 Nbd7 9. e4 dxe4 10. dxe4 0-0 11. Qe2 Ne8 12. Nc4 Ne5 13. Nxe5 Bxe5 14. c3 Qc7 15. Bg2 Bg7 16. Be3 b6 17. Rad1 e5 18. f4 exf4 19. gxf4 Nf6 20. e5 Nh5 21. Qf3 Rac8 22. Rd6 c5 23. Rfd1 Rcd8 24. Qd5 Rxd6 25. Qxd6 Qc8 26. Kh2 Bh6 27. Qd2 Qf5 28. Rf1 Ng7 29. Qd1 Re8 30. Bc1 c4 31. Qd5 Qd3 32. Qxd3 cxd3 33. Kg3 f6 34. Bd5+ Kh8 35. e6 Nxe6 36. Bxe6 Rxe6 37. f5 Re2 38. Bxh6 gxf5 39. Rxf5 Re6 40. Rd5 Kg8 41. Rxd3 Kf7 42. Kf3 Ke7 43. Bf4 Rc6 44. Rd5 Re6 45. Rh5 Re1 46. Rxh7+ Ke6 1-0

[Event "Gyongyos op "]
[Site "Gyongyos"]
[Date "1995.??.??"]
[Round "?"]
[White "Merenyi, Gabor"]
[Black "Miko, Sandor"]
[Result "0-1"]
[WhiteElo "2090"]
[BlackElo "2215"]
[PlyCount "92"]
[EventDate "1995.??.??"]
[EventType "swiss"]
[EventRounds "9"]
[EventCountry "HUN"]
[SourceTitle "EXT 1999"]
[Source "ChessBase"]
[SourceDate "1998.11.16"]
[SourceVersion "1"]
[SourceVersionDate "1998.11.16"]
[SourceQuality "1"]

1. e4 Nf6 2. e5 Nd5 3. d4 d6 4. Nf3 Bg4 5. Bc4 e6 6. 0-0 dxe5 7. dxe5 Nc6 8. Re1 a6 9. h3 Bh5 10. c3 Be7 11. Nbd2 Nb6 12. Bb3 0-0 13. Qe2 Nd7 14. g4 Bg6 15. Nf1 Na5 16. Bc2 Bxc2 17. Qxc2 c5 18. Bf4 Qc7 19. Rad1 Rad8 20. Ne3 b5 21. Kg2 c4 22. b4 cxb3 23. axb3 Rc8 24. g5 Rfd8 25. Rd3 Nc5 26. Rxd8+ Rxd8 27. Nd4 Naxb3 28. Rd1 Na5 29. Kh2 Na4 30. Ne2 Rc8 31. Ng4 Kh8 32. Rd3 Nc5 33. Rg3 Qc6 34. f3 Nd7 35. Qa2 Nc4 36. Nd4 Qb6 37. Qc2 Nf8 38. Nh6 gxh6 39. gxh6 Ng6 40. Bg5 Bxg5 41. Rxg5 Ne3 42. Qd3 Nd5 43. Ne2 Qf2+ 44. Kh1 Qf1+ 45. Kh2 Rxc3 46. Qd2 Rxf3 0-1

[Event "Gyongyos op "]
[Site "Gyongyos"]
[Date "1995.??.??"]
[Round "?"]
[White "Miko, Sandor"]
[Black "Kopjonkin, Gennady"]
[Result "0-1"]
[WhiteElo "2215"]
[BlackElo "2395"]
[PlyCount "120"]
[EventDate "1995.??.??"]
[EventType "swiss"]
[EventRounds "9"]
[EventCountry "HUN"]
[SourceTitle "EXT 1999"]
[Source "ChessBase"]
[SourceDate "1998.11.16"]
[SourceVersion "1"]
[SourceVersionDate "1998.11.16"]
[SourceQuality "1"]

1. Nf3 Nf6 2. g3 g6 3. Bg2 Bg7 4. d3 0-0 5. 0-0 d5 6. Nbd2 c5 7. e4 Nc6 8. Re1 b6 9. c3 a5 10. e5 Ng4 11. d4 cxd4 12. cxd4 Nb4 13. h3 Nh6 14. Re3 Ba6 15. a3 Nc6 16. Rc3 Rc8 17. Nf1 f6 18. exf6 exf6 19. Bf4 Nf5 20. Rac1 Bb7 21. g4 Nd6 22. Ng3 Kh8 23. Qd3 Re8 24. Nd2 Ne7 25. Rxc8 Nexc8 26. b4 axb4 27. axb4 Qd7 28. Qb3 Nb5 29. Qd3 Ncd6 30. Bf1 Ra8 31. Be3 Ra3 32. Qc2 Rc3 33. Qd1 Rxc1 34. Qxc1 Bc6 35. Qa1 Qa7 36. Qc1 Qb7 37. Nf3 Nc4 38. Bh6 Nbd6 39. Bxg7+ Kxg7 40. Qe1 b5 41. g5 Qf7 42. gxf6+ Qxf6 43. Ne5 Nf7 44. Nxc6 Qxc6 45. Qe7 Qd6 46. Qxd6 Nfxd6 47. Bg2 Na3 48. Bxd5 Nc2 49. Ne2 Nxb4 50. Be6 Kf6 51. Bb3 Nc6 52. d5 Na5 53. Ba2 b4 54. Nd4 Ke5 55. Nc6+ Nxc6 56. dxc6 Nb5 57. h4 Kd6 58. f4 Nd4 59. c7 Kxc7 60. Kf2 Kd6 0-1

[Event "HUN-chT3"]
[Site "Hungary"]
[Date "1991.??.??"]
[Round "?"]
[White "Granicz, Janos"]
[Black "Miko, Sandor"]
[Result "1-0"]
[WhiteElo "2030"]
[BlackElo "2125"]
[PlyCount "121"]
[EventDate "1991.??.??"]
[EventType "team"]
[EventRounds "11"]
[EventCountry "HUN"]
[SourceTitle "EXT 2001"]
[Source "ChessBase"]
[SourceDate "2000.11.22"]
[SourceVersion "1"]
[SourceVersionDate "2000.11.22"]
[SourceQuality "1"]

1. e4 Nf6 2. e5 Nd5 3. d4 d6 4. c4 Nb6 5. exd6 cxd6 6. Nc3 g6 7. Nf3 Bg7 8. Be3 Bg4 9. h3 Bf5 10. Bd3 Bxd3 11. Qxd3 Nc6 12. 0-0 0-0 13. b3 e6 14. Qd2 d5 15. Bg5 Qd7 16. c5 Nc8 17. Rfe1 b6 18. Na4 Re8 19. Rac1 b5 20. Nc3 b4 21. Ne2 f6 22. Bh6 Bh8 23. Ng3 a5 24. Qd3 N8e7 25. Re2 Nd8 26. Rce1 Nf7 27. Bc1 Nc6 28. Nh2 e5 29. dxe5 fxe5 30. Ng4 Nd4 31. Rd2 Qc6 32. Bb2 e4 33. Qe3 Nf5 34. Nxf5 Bxb2 35. Nfh6+ Nxh6 36. Nxh6+ Kg7 37. Rxb2 d4 38. Qg5 Rf8 39. Ng4 Rae8 40. Rd2 d3 41. Qh6+ Kg8 42. Qe3 h5 43. Nh2 Kh7 44. Nf1 Qf6 45. Rc1 Qc6 46. Rc4 Rf5 47. Ng3 Rfe5 48. Rd1 h4 49. Nf1 g5 50. Nd2 Qg6 51. Re1 g4 52. hxg4 Qxg4 53. Qh3 Qf4 54. Qe3 Qf5 55. c6 Qg4 56. Rxe4 Rxe4 57. Nxe4 d2 58. Qxd2 Qg6 59. f3 Qf5 60. Qd6 Re6 61. Qd7+ 1-0